LDR 00844naa#a2200181#i#450# 001 EN\\bibl\121850 005 20260517033850.7 011 ## _a2658-638X 100 ## _a20251215b2025####ek#y0engy0150####ca 102 ## _aRU 200 1# _aAnalysis of existing psychological and pedagogical forms and methods of forming professional competencies of law enforcement officers and identification of problematic aspects _eJournal article 210 1# _aMoscow _cMoscow University of the Ministry of Internal Affairs of Russia named after V.Ya. Kikot _d2025 215 ## _a4 с. 608 ## _aJournal article _2local 675 ## _aНародное образование. Воспитание. Обучение. Организация досуга. 37 _z 700 #1 _aPolikarpova _gEkaterina Viktorovna 700 #1 _aKonstantinov _gAleksey Vladimirovich 856 4# _amosumvd.editorum.ru _u